Đại cương triết học Trung Quốc. T.2 /
Nhân sinh luận; Bản chất con người; Đạo làm người; Chính trị luận; Tiểu sử các triết gia.
Saved in:
| Main Author: | |
|---|---|
| Other Authors: | |
| Format: | Book |
| Language: | Vietnamese |
| Published: |
Hà Nội :
Thanh niên,
2004.
|
| Subjects: | |
| Tags: |
Add Tag
No Tags, Be the first to tag this record!
|
| Institutions: | Mạng thư viện Đại học Đà Nẵng |
|---|
| LEADER | 01268cam a2200373 a 4500 | ||
|---|---|---|---|
| 001 | 000044585 | ||
| 003 | 2987 | ||
| 005 | 20060427092915.0 | ||
| 008 | 010314b2004 vm 000 vie | ||
| 020 | |c 100000 | ||
| 040 | |a LRC |c LRC |d LRC | ||
| 041 | 0 | |a vie | |
| 082 | 1 | 4 | |a 181.11 |b GI-C |
| 100 | 1 | |a Giản Chi. | |
| 245 | 1 | 0 | |a Đại cương triết học Trung Quốc. |n T.2 / |c Giản Chi, Nguyễn Hiến Lê. |
| 260 | |a Hà Nội : |b Thanh niên, |c 2004. | ||
| 300 | |a 1067 tr. ; |c 19 cm. | ||
| 520 | 3 | |a Nhân sinh luận; Bản chất con người; Đạo làm người; Chính trị luận; Tiểu sử các triết gia. | |
| 630 | 0 | 4 | |a Triết học. |
| 630 | 0 | 4 | |a Trung Quốc. |
| 650 | 0 | 4 | |a Triết học |z Trung Quốc. |
| 700 | 1 | |a Nguyễn Hiến Lê. | |
| OWN | |a DUT | ||
| AVA | |a UDN50 |b DUT |c Book |d 181.11 GI-C |e available |t Error 5001 Not defined in file expand_doc_bib_avail. |f 3 |g 0 |h N |i 0 |j SH |k 1 | ||
| 999 | |a From the UDN01 | ||
| AVA | |a UDN50 |b DUT |c Book |d 181.11 GI-C |e available |t Error 5001 Not defined in file expand_doc_bib_avail. |f 3 |g 0 |h N |i 0 |j SH |k 1 | ||
| TYP | |a Monograph | ||
| TYP | |a Printed language | ||
| 980 | |a Mạng thư viện Đại học Đà Nẵng | ||